Statistiques concernant Les douze tribus d'Israël en 90 secondes

Cliquez ici pour prendre le quiz!

Statistiques générales

  • Ce quiz a été pris 62 fois
  • Le résultat moyen est 5 sur 12

Statistiques - réponses

HintRéponse% Correct
3Lévi
63%
12Benjamin
60%
5Dan
56%
4Juda
56%
1Ruben
51%
7Gad
49%
11Joseph
44%
2Siméon
37%
6Nephtali
28%
10Zabulon
19%
8Aser
16%
9Issacar
16%

Distribution des résultats

Percentile par nombre de réponses

% des personnes avec chaque résultat

Votre développement - résultats

Vous n’avez pas pris ce quiz